Central Library OPAC University of Rajshahi

The theory and practice of modern government / (Record no. 18243)

MARC details
000 -LEADER
fixed length control field 00638nam a2200229 a 4500
001 - CONTROL NUMBER
control field 18243
003 - CONTROL NUMBER IDENTIFIER
rucl marc code BD-RJUL
005 - DATE AND TIME OF LATEST TRANSACTION
control field 20211209000245.0
008 - FIXED-LENGTH DATA ELEMENTS--GENERAL INFORMATION
fixed length control field 140220s1964 enk 001 0 eng d
035 ## - SYSTEM CONTROL NUMBER
System control number (BD-RJUL)18301
040 ## - CATALOGING SOURCE
Original cataloging agency EQO
Transcribing agency EQO
Language of cataloging eng
041 ## - LANGUAGE CODE
Language code of text/sound track or separate title eng
082 ## - DEWEY DECIMAL CLASSIFICATION NUMBER
Classification number 342
Author mark and year FIT 1965
100 1# - MAIN ENTRY--PERSONAL NAME
Personal name Finer, Herman,
Dates associated with a name 1898-1969.
9 (RLIN) 17944
245 14 - TITLE STATEMENT
Title The theory and practice of modern government /
Statement of responsibility, etc. Herman Finer
250 ## - EDITION STATEMENT
Edition statement 4th ed
260 ## - PUBLICATION, DISTRIBUTION, ETC. (IMPRINT)
Place of publication, distribution, etc. London :
Name of publisher, distributor, etc. Methuen & Co. ltd,
Date of publication, distribution, etc. 1961[reprinting 1965]
300 ## - PHYSICAL DESCRIPTION
Pagination xiv, 982 p. ;
Size 24 cm
504 ## - BIBLIOGRAPHY, ETC. NOTE
Bibliography, etc includes index
650 #0 - SUBJECT ADDED ENTRY--TOPICAL TERM
Topical term or geographic name as entry element Political science
9 (RLIN) 56159
942 ## - ADDED ENTRY ELEMENTS (KOHA)
Source of classification or shelving scheme Dewey Decimal Classification
Koha item type Books
Holdings
Lost status Source of classification or shelving scheme Damaged status Not for loan Collection code Permanent Location Current Location Shelving location Date acquired Source of acquisition Cost, normal purchase price Total Checkouts Full call number Date last seen Copy number Koha item type Date checked out
  Dewey Decimal Classification     Non-fiction Central Library, University of Rajshahi Central Library, University of Rajshahi   08/08/2007 Dhaka, Paragon Enterprises Ltd. 695.00   342 FIT 2000 28/05/2014 C-10 Books  
  Dewey Decimal Classification     Non-fiction Central Library, University of Rajshahi Central Library, University of Rajshahi   02/11/1968 Zeitlinger 75.00 1 342 FIT 1965 17/07/2017 C-6 Books 15/07/2017
  Dewey Decimal Classification     Non-fiction Central Library, University of Rajshahi Central Library, University of Rajshahi   06/05/1968 Zeitlinger 75.00   342 FIT 1965 12/06/2014 C-7 Books  
  Dewey Decimal Classification   Not For Loan Non-fiction Central Library, University of Rajshahi Central Library, University of Rajshahi Reading Room 11/03/1967 Zeitlinger 7.50   342 FIT 1965 25/10/2014 C-1 Books  
  Dewey Decimal Classification     Non-fiction Central Library, University of Rajshahi Central Library, University of Rajshahi   06/04/1964 Zeitlinger 70.00   342 FIT 1965 25/10/2014 C-8 Books  
  Dewey Decimal Classification     Non-fiction Central Library, University of Rajshahi Central Library, University of Rajshahi   06/08/1964 Zeitlinger 75.00   342 FIT 1965 25/10/2014 C-9 Books  
  Dewey Decimal Classification     Non-fiction Central Library, University of Rajshahi Central Library, University of Rajshahi   08/08/2007 Paragon Enterprises 695.00   342 FIT 2003 25/10/2014 C-2 Books  
  Dewey Decimal Classification     Non-fiction Central Library, University of Rajshahi Central Library, University of Rajshahi   06/06/1964 Zeitlinger 70.00   342 FIT 1962 25/10/2014 C-3 Books  
  Dewey Decimal Classification     Non-fiction Central Library, University of Rajshahi Central Library, University of Rajshahi   11/01/1968 Zeitlinger 75.00   342 FIT 1965 25/10/2014 C-4 Books  
  Dewey Decimal Classification     Non-fiction Central Library, University of Rajshahi Central Library, University of Rajshahi   06/08/1964 Zeitlinger 75.00   342 FIT 1962 25/10/2014 C-5 Books